书目信息 |
| 题名: |
民间情歌三百首
|
|
| 作者: | 陈子艾 编 | |
| 分册: | ||
| 出版信息: | 上海 上海文艺出版社 1981 |
|
| 页数: | 247页 | |
| 开本: | 18cm | |
| 丛书名: | ||
| 单 册: | ||
| 中图分类: | I277.2 | |
| 科图分类: | ||
| 主题词: | 情歌--中国--现代--选集 | |
| 电子资源: | ||
| ISBN: | ||
| 000 | 00582nam0 2200217 45 | |
| 001 | 1559942704 | |
| 005 | 20150127215016.57 | |
| 010 | @dCNY0.78 | |
| 091 | @aCN@b10078.3296 | |
| 100 | @a19950628d1981 em y0chiy0121 ea | |
| 101 | 0 | @achi |
| 102 | @aCN@b310000 | |
| 105 | @ay z 000zy | |
| 200 | 10 | @a民间情歌三百首@Amin jian qing ge san bai shou@f陈子艾编 |
| 210 | @a上海@c上海文艺出版社@d1981 | |
| 215 | @a247页@d18cm | |
| 606 | @a情歌@y中国@z现代@x选集 | |
| 690 | @aI277.2@v3 | |
| 701 | 0 | @a陈子艾@Achen zi ai@4编 |
| 801 | 0 | @aCN@bTSSF@c20150127 |
| 905 | @aZUCC@dI277.2@eJYJY2 | |
| 民间情歌三百首/陈子艾编.-上海:上海文艺出版社,1981 |
| 247页;18cm |
| ISBN :CNY0.78 |
| ● |
| 相关链接 |
|
|
|
|
正题名:民间情歌三百首
索取号:I277.2/JYJY2
 
预约/预借
| 序号 | 登录号 | 条形码 | 馆藏地/架位号 | 状态 | 备注 |
| 1 | 7835072 | 278350721 | 学院路分馆/ [索取号:I277.2/JYJY2] | 在馆 | |
| 2 | 7835073 | 278350730 | 学院路分馆/ [索取号:I277.2/JYJY2] | 在馆 |